Literatura española; historia y antología /

Guardado en:
Autor Principal: Loprete, Carlos Alberto
Formato: Libro
Publicado: Argentina : Plus Ultra, 1978
Edición:8a. ed.
Etiquetas: Agregar Etiqueta
Sin Etiquetas, Sea el primero en etiquetar este registro!
LEADER 00449nam a22001575a 4500
001 CEM.cems003907
005 19000101000000.0
008 130507s1978##################000#0#####d
003 CEMS
082 0 4 |a 860.9 
100 1 |a Loprete, Carlos Alberto 
245 1 0 |a Literatura española; historia y antología / 
250 |a 8a. ed. 
260 |a Argentina :  |b Plus Ultra,  |c 1978 
300 |a 605 p.1 
859 |a CEMS  |b BIB. CEMS - 11 de abril  |h 860.9  |i L881-2a8  |p 7244.79  |t Ej.1